[Event "Benidorm op-A"]
[Site "Benidorm"]
[Date "2023.11.01"]
[Round "4"]
[White "Vestby Ellingsen, Mads"]
[Black "Palomo Teruel, Xavier"]
[Result "1-0"]
[WhiteElo "2343"]
[BlackElo "2094"]
[PlyCount "105"]
[EventDate "2023.10.29"]
[EventType "swiss"]
[EventRounds "9"]
[EventCountry "ESP"]
[SourceTitle "Mega2024 Update 01"]
[Source "Chessbase"]
[SourceDate "2023.11.12"]
[SourceVersion "1"]
[SourceVersionDate "2023.11.12"]
[SourceQuality "1"]

1. e4 e5 2. Nf3 Nc6 3. Bc4 Bc5 4. c3 Nf6 5. d3 0-0 6. 0-0 d5 7. exd5 Nxd5 8. Re1 Bg4 9. Nbd2 Nb6 10. h3 Bh5 11. Bb3 Qxd3 12. Nxe5 Qf5 13. Nef3 Rad8 14. Qe2 Nd5 15. Ne4 Bxf3 16. Qxf3 Qxf3 17. gxf3 Bb6 18. Bg5 Nde7 19. a4 a5 20. Rad1 Rxd1 21. Rxd1 h6 22. Bf4 Rd8 23. Rxd8+ Nxd8 24. Nd2 c6 25. Nc4 Nd5 26. Bd6 Ne6 27. Nxb6 Nxb6 28. Kg2 g5 29. Kg3 Nd5 30. h4 Ndf4 31. hxg5 hxg5 32. Bc2 Kg7 33. Kg4 Kf6 34. Be4 Nd5 35. Bc2 Ndf4 36. Bb8 b5 37. Ba7 Nd5 38. axb5 cxb5 39. Be4 Ke5 40. Bb8+ Ndc7 41. Bf5 Kf6 42. Bd3 Nc5 43. Be2 N5e6 44. Ba7 Ke5 45. Bd3 a4 46. Be3 Kf6 47. Bd2 Nf4 48. Bxf4 gxf4 49. Kxf4 Ke6 50. Ke4 Nd5 51. Bxb5 a3 52. Bc4 f5+ 53. Kd4 1-0

[Event "Benidorm op-A"]
[Site "Benidorm"]
[Date "2022.12.07"]
[Round "5"]
[White "Panjer, Sidney"]
[Black "Palomo Teruel, Xavier"]
[Result "1-0"]
[WhiteElo "2100"]
[BlackElo "2038"]
[PlyCount "59"]
[EventDate "2022.12.03"]
[EventType "swiss"]
[EventRounds "9"]
[EventCountry "ESP"]
[SourceTitle "CBM 211 Extra"]
[Source "ChessBase"]
[SourceDate "2023.01.31"]
[SourceVersion "1"]
[SourceVersionDate "2023.01.31"]
[SourceQuality "1"]

1. Nf3 Nf6 2. c4 g6 3. Nc3 Bg7 4. e4 e5 5. Nxe5 0-0 6. Nf3 Re8 7. d3 d5 8. cxd5 Nxd5 9. Nxd5 Qxd5 10. Be2 Qd6 11. h3 c5 12. 0-0 Nc6 13. Rb1 a5 14. Be3 a4 15. Qc1 b6 16. Bf4 Qe7 17. Bg5 Qb7 18. Be3 Be6 19. b3 axb3 20. axb3 Ra2 21. Re1 Rea8 22. Bf1 Nb4 23. Bh6 Rc2 24. Qf4 Bh8 25. Ng5 Bd4 26. Re3 Raa2 27. Nxe6 Rxf2 28. Qd6 Rxg2+ 29. Bxg2 Bxe3+ 30. Bxe3 1-0

[Event "Catalunya-ch U20"]
[Site "Vila Seca"]
[Date "2010.04.03"]
[Round "5"]
[White "Palomo Teruel, Xavier"]
[Black "Marin Benito, Carla"]
[Result "1-0"]
[WhiteElo "2047"]
[BlackElo "1812"]
[PlyCount "59"]
[EventDate "2010.03.31"]
[EventType "swiss"]
[EventRounds "9"]
[EventCountry "ESP"]
[SourceTitle "CBM 135 Extra"]
[Source "ChessBase"]
[SourceDate "2010.05.04"]
[SourceVersion "1"]
[SourceVersionDate "2010.05.04"]
[SourceQuality "1"]

1. e4 e5 2. f4 exf4 3. Nf3 Be7 4. Bc4 Bh4+ 5. Kf1 Nh6 6. d4 Ng4 7. Ne5 Nxe5 8. dxe5 g5 9. Qh5 d5 10. Bxd5 Qe7 11. g3 c6 12. Qxf7+ Qxf7 13. Bxf7+ Kxf7 14. gxh4 h6 15. Rg1 Bh3+ 16. Kf2 Rg8 17. Nd2 Ke6 18. Nf3 g4 19. Bxf4 Nd7 20. Nd4+ Ke7 21. Rad1 Rae8 22. Nf5+ Kd8 23. Rg3 Rgf8 24. Rgd3 Rf7 25. Kg3 Re6 26. Nd4 Ree7 27. e6 Rf6 28. exd7 Rxe4 29. Ne6+ Rexe6 30. Bc7+ 1-0

[Event "Catalunya-ch U20"]
[Site "Vila Seca"]
[Date "2010.04.01"]
[Round "2"]
[White "Sanchez Ibern, Marc"]
[Black "Palomo Teruel, Xavier"]
[Result "1/2-1/2"]
[WhiteElo "2265"]
[BlackElo "2047"]
[PlyCount "64"]
[EventDate "2010.03.31"]
[EventType "swiss"]
[EventRounds "9"]
[EventCountry "ESP"]
[SourceTitle "CBM 135 Extra"]
[Source "ChessBase"]
[SourceDate "2010.05.04"]
[SourceVersion "1"]
[SourceVersionDate "2010.05.04"]
[SourceQuality "1"]

1. e4 c5 2. Nf3 Nf6 3. e5 Nd5 4. d4 cxd4 5. Qxd4 e6 6. Bc4 Nc6 7. Qe4 f5 8. Qe2 Nde7 9. 0-0 Qc7 10. Nc3 a6 11. a4 Ng6 12. Re1 Be7 13. Ba2 b6 14. h4 Bxh4 15. Nxh4 Nxh4 16. f4 Ng6 17. Be3 0-0 18. Rad1 Rb8 19. Qf2 Na5 20. Rd4 b5 21. axb5 axb5 22. Rb4 Qc6 23. Rd1 Ba6 24. Ba7 Ra8 25. Rd6 Qb7 26. Bc5 Nc6 27. Rb3 b4 28. Bxb4 Bc4 29. Ba3 Bxb3 30. Bxb3 Rfc8 31. Qd2 Nf8 32. Qf2 Ng6 1/2-1/2

[Event "ESP-ch U16"]
[Site "Granada"]
[Date "2009.07.16"]
[Round "4"]
[White "Coll Ortega, Jordi"]
[Black "Palomo Teruel, Xavier"]
[Result "1-0"]
[WhiteElo "2213"]
[BlackElo "2014"]
[PlyCount "53"]
[EventDate "2009.07.14"]
[EventType "swiss"]
[EventRounds "9"]
[EventCountry "ESP"]
[SourceTitle "CBM 131 Extra"]
[Source "ChessBase"]
[SourceDate "2009.09.03"]
[SourceVersion "2"]
[SourceVersionDate "2009.09.16"]
[SourceQuality "1"]

1. c4 c5 2. g3 g6 3. Bg2 Bg7 4. Nc3 Nc6 5. a3 d6 6. Rb1 Qc7 7. Nf3 b6 8. 0-0 Bb7 9. e3 e6 10. d4 a6 11. b4 cxb4 12. axb4 Nf6 13. c5 dxc5 14. bxc5 b5 15. e4 b4 16. Bf4 Qd8 17. d5 bxc3 18. Rxb7 exd5 19. Qa4 0-0 20. Qxc6 Rc8 21. Rc7 dxe4 22. Ng5 Rxc7 23. Bxc7 Qd7 24. Qxd7 Nxd7 25. Bd6 Rc8 26. Nxe4 f5 27. Nxc3 1-0

[Event "Tarragona Province-chA"]
[Site "Tarragona"]
[Date "2008.05.31"]
[Round "7"]
[White "Regue Farran, Enric"]
[Black "Palomo Teruel, Xavier"]
[Result "0-1"]
[WhiteElo "2064"]
[BlackElo "1918"]
[PlyCount "92"]
[EventDate "2008.04.19"]
[EventType "swiss"]
[EventRounds "8"]
[EventCountry "ESP"]
[SourceTitle "EXT 2019"]
[Source "ChessBase"]
[SourceDate "2018.10.10"]
[SourceVersion "1"]
[SourceVersionDate "2018.10.10"]
[SourceQuality "1"]

1. e4 c5 2. Nf3 e6 3. c3 Nf6 4. e5 Nd5 5. c4 Nb6 6. d4 cxd4 7. Nxd4 Qc7 8. Qe2 a6 9. g3 Nc6 10. Nf3 d5 11. exd6 Bxd6 12. Bg2 0-0 13. 0-0 Nd7 14. Nc3 b6 15. Ne4 Be7 16. Rd1 Rd8 17. Bg5 f6 18. Bf4 e5 19. Be3 Bb7 20. Nc3 Na5 21. b3 b5 22. Nd5 Bxd5 23. cxd5 Rac8 24. Nh4 Bd6 25. Rac1 Qb8 26. Qg4 Nf8 27. Nf5 g6 28. Rxc8 Qxc8 29. Bb6 Re8 30. Nh6+ Kg7 31. Qh4 Nb7 32. Ng4 Nd7 33. Qh6+ Kg8 34. Bh3 f5 35. Rc1 Qb8 36. Ne3 Nxb6 37. Bxf5 Bf8 38. Qg5 Bg7 39. Be6+ Kh8 40. Rc6 Nd8 41. Rc2 Nxe6 42. dxe6 Rxe6 43. Ng4 Re8 44. Rd2 Qc8 45. Nf6 Qc1+ 46. Kg2 Qc6+ 0-1

[Event "Tarragona Province-chA"]
[Site "Tarragona"]
[Date "2008.04.26"]
[Round "2"]
[White "Olivera Gutierrez, Albert"]
[Black "Palomo Teruel, Xavier"]
[Result "1-0"]
[WhiteElo "2083"]
[BlackElo "1918"]
[PlyCount "59"]
[EventDate "2008.04.19"]
[EventType "swiss"]
[EventRounds "8"]
[EventCountry "ESP"]
[SourceTitle "EXT 2019"]
[Source "ChessBase"]
[SourceDate "2018.10.10"]
[SourceVersion "1"]
[SourceVersionDate "2018.10.10"]
[SourceQuality "1"]

1. e4 c5 2. Nf3 e6 3. d4 cxd4 4. Nxd4 Bc5 5. Nb3 Bb6 6. Bd3 Ne7 7. 0-0 0-0 8. c4 Nbc6 9. Nc3 d6 10. Bf4 e5 11. Bg5 h6 12. Bh4 g5 13. Bg3 Be6 14. Qh5 Kg7 15. Rad1 Ng8 16. Qe2 Nf6 17. Kh1 a6 18. Bc2 Nd4 19. Nxd4 Bxd4 20. Nd5 Bxd5 21. exd5 Qc7 22. b3 Rae8 23. Qd3 Rh8 24. f4 Nh5 25. fxg5 hxg5 26. Rf5 Qe7 27. Rdf1 f6 28. Rxg5+ Kf7 29. Qg6+ Kf8 30. Rxh5 1-0